00828nam a2200241Ia 4500001000600000003000900006008004100015040001300056040001300069041001300082100001800095100002900113245003700142245002900179250001100208260001100219260001300230260004900243300005600292500018500348650002200533650003100555A9217IT-RoPAU130308s9999 xx 000 0 und d aIT-RoPAU cIT-RoPAU aITALIANO aKezich Tullio gCodice Aut. SPICS: 5096 aCinema interroga il passato (Il) bStoria del Cinema (La)-3 a1a ed. aMILANO bVallardi c1966 [1° Ed.:1966 - Ed.Ling.Originale:1966] a"21 p. (prefazione: no ; testo: 21 [pagine: 7-27])" aFatti e Personaggi del Passato Rivivono Sullo schermo nella Prospettiva degli ideali di Oggi: Rispecchiano le Speranze e le Delusioni dei Nostri Contemporanei. Testimonianze Varie. aSTORIA DEL CINEMA eCodice materia Spics: 6808